[Event "ROM-ch"]
[Site "Sarata Monteoru"]
[Date "2012.02.15"]
[Round "4"]
[White "Ionita, Gheorghe"]
[Black "Soare, Cristel"]
[Result "1-0"]
[WhiteElo "1694"]
[BlackElo "1519"]
[PlyCount "115"]
[EventDate "2012.02.13"]
[EventType "swiss"]
[EventRounds "11"]
[EventCountry "ROU"]
[SourceTitle "CBM 147 Extra"]
[Source "ChessBase"]
[SourceDate "2012.04.24"]
[SourceVersion "1"]
[SourceVersionDate "2012.04.24"]
[SourceQuality "1"]

1. e4 e5 2. Nf3 Nf6 3. d4 exd4 4. e5 Nd5 5. Bc4 Nb6 6. Bb3 Bb4+ 7. Bd2 Bxd2+ 8. Qxd2 0-0 9. c3 dxc3 10. Nxc3 c6 11. Qd6 Nd5 12. Ne4 Qa5+ 13. Nfd2 Qb4 14. 0-0 Qxd6 15. Nxd6 Na6 16. f4 Nc5 17. Rf3 a5 18. Raf1 b6 19. Bc2 Ba6 20. R1f2 Nb7 21. Nf5 f6 22. Rg3 Kh8 23. Rxg7 Rg8 24. Rxd7 Nc5 25. Rf7 fxe5 26. fxe5 Bd3 27. Bxd3 Nxd3 28. Re2 Raf8 29. e6 N3f4 30. Rf2 Nxe6 31. Rd7 Rg5 32. Nd6 Rxf2 33. Kxf2 Rg7 34. Nf7+ Kg8 35. Nh6+ Kf8 36. Rd6 Nd4 37. Nf3 Nxf3 38. gxf3 Rg6 39. Rxg6 hxg6 40. Ng4 c5 41. Kg3 Kf7 42. Kh4 Nf6 43. Ne5+ Ke6 44. Nc4 Nd5 45. Kg5 b5 46. Nxa5 Kf7 47. Nc6 c4 48. Ne5+ Ke6 49. Nxg6 Ne3 50. Nf4+ Ke5 51. Ne2 Nd1 52. b3 c3 53. a4 bxa4 54. bxa4 c2 55. a5 Nc3 56. Nc1 Kd6 57. h4 Nd5 58. h5 1-0